| 000 | 00662nam a22002177a 4500 | ||
|---|---|---|---|
| 003 | 0 | ||
| 005 | 20250811161813.0 | ||
| 008 | 250811b xxu||||| |||| 00| 0 eng d | ||
| 020 | _a978-0-443-11022-1 | ||
| 050 |
_aRT 41 _b.Al44 2025 |
||
| 245 |
_aAlexander's nursing practice : _bhospital and home / _cIan Peate, ed. |
||
| 250 | _a6th ed. | ||
| 260 |
_aJersey City, USA : _bElsevier , _c2025. |
||
| 300 |
_axv, 818 pages : _bcolored illustrations ; _c28 cm. |
||
| 504 | _aIncludes bibliographical references and index. | ||
| 650 | _aNursing. | ||
| 650 |
_aNursing _xPractice. |
||
| 650 | _aHome nursing. | ||
| 700 |
_aPeate, Ian, _eeditor. |
||
| 942 |
_2lcc _cBK |
||
| 999 |
_c367499 _d367499 |
||